Towns in England - Sudden Death - Statistics

General Stats
  • This quiz has been taken 142 times
  • The average score is 6 of 18
Answers on the Grid
Answers color-coded by a green-red scale on the quiz's grid according to % correct below.
Cromer
Yarm
Bangor
Sedbergh
Portrush
Redruth
Spennymoor
Saltcoats
Penrith
Banbridge
Oswestry
Lydd
Stonehaven
Ludlow
Douglas
Louth
Eyemouth
Looe
Barmouth
Clitheroe
Chatteris
Silloth
Carnforth
Milford Haven
Cannock
Blyth
St Andrews
Bacup
 
Answer Stats
Answer % Correct
Norfolk Cromer
67%
Cornwall Redruth
56%
Cumbria Penrith
54%
Cornwall Looe
41%
Shropshire Ludlow
41%
North Yorkshire Yarm
40%
Northumberland Blyth
34%
Lancashire Clitheroe
31%
Shropshire Oswestry
30%
Durham Spennymoor
30%
Staffordshire Cannock
26%
Lancashire Bacup
23%
Cumbria Sedbergh
23%
Kent Lydd
16%
Lancashire Carnforth
14%
Lincolnshire Louth
13%
Cambridgeshire Chatteris
11%
Cumbria Silloth
9%
No matching quizzes found
Score Distribution
Percent of People with Each Score
Percentile by Number Answered
Your Score History
You have not taken this quiz